| 000 | 00936cam5a220022900 4500 | ||
|---|---|---|---|
| 001 | qcf00226633 | ||
| 005 | 20190823110219.0 | ||
| 008 | 760512s1962 cnk b 000 0 fre d | ||
| 035 | _a(Sirsi) r14030 | ||
| 035 | _a(QCAT)lss01254180 | ||
| 035 | _a(UPRA)qcf00226633 | ||
| 040 | _dUPRA | ||
| 100 | 1 |
_aGiguere, Paul A. _6A69658.1 |
|
| 245 | 1 | 0 |
_aTables des fonctions thermodynamiques de Debeye / _cpreparees par Paul A. Giguere et Maurice Boisvert. |
| 260 |
_aQuebec : _bPresses de L'Universite Laval, _c1962. |
||
| 504 | _aBibliographical footnotes. | ||
| 650 | 0 |
_aThermodynamics -- Tables. _xThermodynamics -- Tables. _6S14639.1 |
|
| 700 | 1 |
_aDebye, Peter J. W. (Peter Josef William), 1884- _qDebye, Peter J. W. (Peter Josef William), 1884- _dDebye, Peter J. W. (Peter Josef William), 1884- _6A69659.1 |
|
| 700 | 1 |
_aBoisvert, Maurice. _6A69660.1 |
|
| 949 |
_aQC311 _wlcc _i33729001800866 _mMAIN _p2500 _tBOOK _lON-SHELF |
||
| 004 | 14030 | ||
| 999 |
_c150813 _d150813 |
||